[Event "NVM U16 2015"]
[Site "Kiel"]
[Date "2015.09.13"]
[Round "7.1"]
[White "Hartge, Gedeon"]
[Black "Killgus, Leonard"]
[Result "1/2-1/2"]
[WhiteElo "1967"]
[BlackElo "1889"]
[PlyCount "82"]
[EventDate "2015.??.??"]
[WhiteTeam "USV Volksbank Halle"]
[BlackTeam "SK Johanneum Eppendorf"]

1. d4 Nf6 2. c4 g6 3. f3 d5 4. cxd5 Nxd5 5. e4 Nb6 6. Nc3 Bg7 7. Be3 O-O 8. Qd2
Nc6 9. O-O-O Qd6 10. Kb1 Rd8 11. Nb5 Qd7 12. d5 Ne5 13. Qc1 c6 14. Nxa7 Na4 15.
Be2 c5 16. Bb5 Qc7 17. Bxa4 Rxa7 18. Bb3 Ra5 19. h3 Nd7 20. Bf4 Qb6 21. Ne2 Nf8
22. Nc3 Bd7 23. d6 e6 24. e5 Rc8 25. Qe3 Qa6 26. a3 b5 27. Na2 Qa8 28. Rhe1 c4
29. Bc2 c3 30. Be4 Qb8 31. Nb4 Be8 32. Rc1 cxb2 33. Rxc8 Qxc8 34. Kxb2 g5 35.
Bh2 f5 36. Bb1 f4 37. Qb3 Qc5 38. Qc3 Qxc3+ 39. Kxc3 Rxa3+ 40. Kb2 Ra8 41. Bg1
Rc8 1/2-1/2

[Event "NVM U16 2015"]
[Site "Kiel"]
[Date "2015.09.13"]
[Round "7.2"]
[White "Keyser, Robin"]
[Black "Gröbel, Aaron"]
[Result "0-1"]
[WhiteElo "1722"]
[BlackElo "1843"]
[PlyCount "46"]
[EventDate "2015.??.??"]
[WhiteTeam "SK Johanneum Eppendorf"]
[BlackTeam "USV Volksbank Halle"]

1. d4 Nf6 2. c4 c5 3. d5 b5 4. cxb5 a6 5. bxa6 Bxa6 6. Nc3 g6 7. e4 Bxf1 8.
Kxf1 d6 9. Nf3 Bg7 10. g3 O-O 11. Kg2 Nbd7 12. a4 Qb6 13. Qe2 Rfb8 14. Bd2 Qa6
15. Qxa6 Rxa6 16. Rhb1 Rab6 17. Ra2 Rb3 18. Be1 R3b4 19. Nd2 Ne5 20. f3 Nd3 21.
Nb5 Nd7 22. b3 Nb6 23. Rc2 Nxa4 0-1

[Event "NVM U16 2015"]
[Site "Kiel"]
[Date "2015.09.13"]
[Round "7.3"]
[White "Perekhozhuk, Maksym"]
[Black "Keyser, Philipp"]
[Result "1-0"]
[WhiteElo "1783"]
[BlackElo "1795"]
[PlyCount "95"]
[EventDate "2015.??.??"]
[WhiteTeam "USV Volksbank Halle"]
[BlackTeam "SK Johanneum Eppendorf"]

1. e4 c5 2. Nf3 d6 3. d4 cxd4 4. Nxd4 Nf6 5. Nc3 a6 6. f4 e6 7. Qf3 Qc7 8. Bd3
Nbd7 9. Be3 b5 10. g4 Nb6 11. a3 Bb7 12. Rf1 Nc4 13. Bxc4 Qxc4 14. g5 Nd7 15.
Qe2 Qxe2+ 16. Ndxe2 Be7 17. Ng3 Rc8 18. Rd1 Nc5 19. h4 Bc6 20. Bd4 Rg8 21. Rf2
a5 22. f5 e5 23. Bxc5 dxc5 24. Nd5 Bxd5 25. exd5 Bd6 26. Ne4 Kd7 27. h5 Rgf8
28. Rg2 b4 29. a4 c4 30. h6 gxh6 31. gxh6 Be7 32. f6 Bc5 33. Ke2 c3 34. b3 Bd4
35. Rg7 Ke8 36. Nd6+ Kd7 37. Nxc8 Kxc8 38. Rxh7 Rg8 39. Rg7 Rh8 40. h7 Kd7 41.
Kd3 Kd6 42. Ke4 Bf2 43. Rh1 Bh4 44. Rxh4 Kc5 45. Rg8 Rxh7 46. Rxh7 Kd6 47. Rxf7
Kc5 48. Rb7 1-0

[Event "NVM U16 2015"]
[Site "Kiel"]
[Date "2015.09.13"]
[Round "7.4"]
[White "Meyerfeldt, Tim"]
[Black "Kretzschmar, Arnd"]
[Result "1/2-1/2"]
[WhiteElo "1615"]
[BlackElo "1881"]
[PlyCount "50"]
[EventDate "2015.??.??"]
[WhiteTeam "SK Johanneum Eppendorf"]
[BlackTeam "USV Volksbank Halle"]

1. d4 Nf6 2. Nf3 g6 3. c4 c5 4. Nc3 cxd4 5. Nxd4 Nc6 6. Nc2 Bg7 7. e4 d6 8. Be2
O-O 9. O-O Nd7 10. Bd2 Nc5 11. b4 Ne6 12. Rb1 Ned4 13. Nxd4 Nxd4 14. Bd3 Be6
15. Nd5 Rc8 16. a4 Bxd5 17. exd5 Qd7 18. Re1 Bf6 19. Bf1 e5 20. dxe6 Nxe6 21.
Be3 Bc3 22. Bd2 Bg7 23. Be3 Bc3 24. Bd2 Bg7 25. Be3 Bc3 1/2-1/2

[Event "NVM U16 2015"]
[Site "Kiel"]
[Date "2015.09.13"]
[Round "7.1"]
[White "Schnabel, Bennett"]
[Black "Rieper, Julian"]
[Result "1/2-1/2"]
[WhiteElo "2034"]
[BlackElo "1976"]
[PlyCount "76"]
[EventDate "2015.??.??"]
[WhiteTeam "SV Mattnetz Berlin e.V."]
[BlackTeam "SK Doppelbauer Kiel"]

1. e4 e5 2. Nf3 Nc6 3. Bb5 a6 4. Bxc6 dxc6 5. O-O Bg4 6. h3 h5 7. d3 Qf6 8.
Nbd2 Ne7 9. Nc4 Bxf3 10. Qxf3 Qxf3 11. gxf3 Ng6 12. Rd1 O-O-O 13. Kf1 c5 14.
Ke2 Be7 15. Rg1 b5 16. Na5 Bd6 17. a4 Kd7 18. axb5 axb5 19. Be3 Ra8 20. Ra2 Ra6
21. Raa1 Rha8 22. Nb3 Rxa1 23. Rxa1 Rxa1 24. Nxa1 Nf4+ 25. Bxf4 exf4 26. c3 c4
27. d4 c5 28. Nc2 g5 29. Kd2 Kc6 30. d5+ Kb6 31. Na3 Ka5 32. Kc2 Ka4 33. Nb1 f6
34. Nd2 Be5 35. Nb1 Bc7 36. Nd2 Be5 37. Nb1 Bd6 38. Nd2 Be5 1/2-1/2

[Event "NVM U16 2015"]
[Site "Kiel"]
[Date "2015.09.13"]
[Round "7.2"]
[White "Karlisch, Moritz"]
[Black "Hesse, Henrik"]
[Result "0-1"]
[WhiteElo "1767"]
[BlackElo "1903"]
[PlyCount "96"]
[EventDate "2015.??.??"]
[WhiteTeam "SK Doppelbauer Kiel"]
[BlackTeam "SV Mattnetz Berlin e.V."]

1. e4 e5 2. Nf3 Nf6 3. Nxe5 d6 4. Nf3 Nxe4 5. Qe2 Qe7 6. d3 Nf6 7. Bg5 Be6 8.
Nc3 h6 9. Bh4 g5 10. Bg3 Nh5 11. O-O-O Nxg3 12. hxg3 Bg7 13. d4 d5 14. Ne5 Nd7
15. Qb5 Bxe5 16. dxe5 O-O-O 17. Nxd5 Bxd5 18. Qxd5 Nxe5 19. Qe4 Qe6 20. Rxd8+
Rxd8 21. b3 Qf6 22. Rxh6 Qxh6 23. Qxe5 Qd6 24. Qf5+ Qd7 25. Bd3 Qxf5 26. Bxf5+
Kb8 27. c4 c5 28. Kc2 Kc7 29. Be4 b6 30. Bd5 Rxd5 31. cxd5 Kd6 32. Kd3 Kxd5 33.
a4 a6 34. Ke3 b5 35. axb5 axb5 36. Kd3 c4+ 37. bxc4+ bxc4+ 38. Ke3 Kc5 39. Kd2
Kd4 40. Kc2 c3 41. g4 Kc4 42. g3 Kd4 43. f4 f6 44. fxg5 fxg5 45. Kc1 Kd3 46.
Kd1 Ke3 47. Kc2 Kf3 48. Kxc3 Kxg4 0-1

[Event "NVM U16 2015"]
[Site "Kiel"]
[Date "2015.09.13"]
[Round "7.3"]
[White "Acikel, Mert"]
[Black "Behringer, Tom"]
[Result "1-0"]
[WhiteElo "1807"]
[BlackElo "1628"]
[PlyCount "71"]
[EventDate "2015.??.??"]
[WhiteTeam "SV Mattnetz Berlin e.V."]
[BlackTeam "SK Doppelbauer Kiel"]

1. e4 e6 2. d4 d5 3. Nd2 c5 4. exd5 Qxd5 5. dxc5 Bxc5 6. Ngf3 Nf6 7. Bc4 Qd6 8.
O-O Nc6 9. Qe2 Qc7 10. Ne4 Nxe4 11. Qxe4 Bd7 12. Bf4 Bd6 13. Bxd6 Qxd6 14. Rad1
Qc7 15. Ng5 Qe5 16. Nxf7 Kxf7 17. Rxd7+ Ke8 18. Qxe5 Nxe5 19. Rc7 Nxc4 20. Rxc4
Rd8 21. Re1 Ke7 22. Rc7+ Rd7 23. Rxd7+ Kxd7 24. Rd1+ Kc6 25. Kf1 Rf8 26. Ke2
Rf5 27. Rd3 g6 28. Rc3+ Kd6 29. Rf3 Kd5 30. Rxf5+ gxf5 31. Kd3 e5 32. f3 h6 33.
g4 e4+ 34. fxe4+ fxe4+ 35. Ke3 Ke5 36. h4 1-0

[Event "NVM U16 2015"]
[Site "Kiel"]
[Date "2015.09.13"]
[Round "7.4"]
[White "Arndt, Magnus"]
[Black "Klodt, Daniel"]
[Result "0-1"]
[WhiteElo "1744"]
[BlackElo "1639"]
[PlyCount "72"]
[EventDate "2015.??.??"]
[WhiteTeam "SK Doppelbauer Kiel"]
[BlackTeam "SV Mattnetz Berlin e.V."]

1. e4 e6 2. d4 d5 3. Nc3 Bb4 4. exd5 exd5 5. Bd3 Nf6 6. Bg5 c5 7. Nf3 Bxc3+ 8.
bxc3 c4 9. Be2 Qa5 10. O-O Ne4 11. Bd2 O-O 12. Kh1 Nc6 13. Ng5 Nxg5 14. Bxg5
Qxc3 15. Be3 Bf5 16. Rc1 Be4 17. Bf3 Rae8 18. Bf4 f5 19. Bd2 Qxd4 20. Be3 Qe5
21. Bxe4 dxe4 22. c3 Rd8 23. Qa4 f4 24. Bxa7 Nxa7 25. Qxa7 e3 26. Qxb7 e2 27.
Rfe1 f3 28. gxf3 Rd6 29. Qe4 Qxe4 30. fxe4 Rxf2 31. Rg1 Rh6 32. Rg2 Rf1+ 33.
Rg1 Rhf6 34. Kg2 R6f2+ 35. Kg3 Rxg1+ 36. Rxg1 Rf1 0-1

[Event "NVM U16 2015"]
[Site "Kiel"]
[Date "2015.09.13"]
[Round "7.1"]
[White "Scheinhütte, Jakob"]
[Black "Rätzke von Stoyentin, Steffen"]
[Result "0-1"]
[WhiteElo "1884"]
[BlackElo "1983"]
[PlyCount "40"]
[EventDate "2015.??.??"]
[WhiteTeam "SV Empor Berlin e.V."]
[BlackTeam "SC Aurich"]

1. e4 e5 2. Nf3 Nc6 3. Bb5 a6 4. Ba4 Nf6 5. O-O Be7 6. Re1 b5 7. Bb3 O-O 8. h3
Bb7 9. d3 d5 10. exd5 Nxd5 11. Nxe5 Nxe5 12. Rxe5 Qd6 13. Re1 Rae8 14. Nd2 c5
15. Ne4 Qc6 16. a4 Nb6 17. Qf3 c4 18. axb5 axb5 19. dxc4 bxc4 20. Ba2 Bd8 0-1

[Event "NVM U16 2015"]
[Site "Kiel"]
[Date "2015.09.13"]
[Round "7.2"]
[White "Neumann, Tiemon"]
[Black "Feyer, Leon"]
[Result "1/2-1/2"]
[WhiteElo "1720"]
[BlackElo "1729"]
[PlyCount "53"]
[EventDate "2015.??.??"]
[WhiteTeam "SC Aurich"]
[BlackTeam "SV Empor Berlin e.V."]

1. e4 e5 2. Nf3 Nc6 3. Bb5 a6 4. Ba4 Nf6 5. d3 b5 6. Bb3 d6 7. Ng5 Be6 8. Nxe6
fxe6 9. Bxe6 Qe7 10. Bb3 Nd4 11. c3 Nxb3 12. Qxb3 Qf7 13. Qc2 Be7 14. Be3 O-O
15. f3 d5 16. O-O Ng4 17. Qe2 Nxe3 18. Qxe3 dxe4 19. Qxe4 Bc5+ 20. Kh1 Rfe8 21.
Nd2 Rad8 22. Qe2 Qd5 23. Ne4 Bb6 24. Rfd1 Qe6 25. Ng5 Qg6 26. Ne4 Rd7 27. a3
1/2-1/2

[Event "NVM U16 2015"]
[Site "Kiel"]
[Date "2015.09.13"]
[Round "7.3"]
[White "Denkert, Anna"]
[Black "Henning, Yannick"]
[Result "1-0"]
[WhiteElo "1690"]
[BlackElo "1562"]
[PlyCount "69"]
[EventDate "2015.??.??"]
[WhiteTeam "SV Empor Berlin e.V."]
[BlackTeam "SC Aurich"]

1. e4 c5 2. Nc3 Nc6 3. g3 g6 4. Bg2 Bg7 5. d3 e6 6. Be3 d6 7. Qd2 Rb8 8. Nf3
Nd4 9. Nd1 b5 10. c3 Nxf3+ 11. Bxf3 Ne7 12. Bh6 O-O 13. h4 d5 14. h5 f5 15.
Bxg7 Kxg7 16. hxg6 hxg6 17. exd5 Rh8 18. Rxh8 Qxh8 19. Qe3 Kf7 20. dxe6+ Bxe6
21. Qxc5 Rb6 22. Qc7 Ra6 23. Qb7 Bc8 24. Qxb5 Qh2 25. Qc4+ Re6+ 26. Kd2 Qg1 27.
Qd4 Ba6 28. c4 Qe1+ 29. Kc2 Bc8 30. Qxa7 Kf8 31. Rc1 Ra6 32. Qe3 Qb4 33. Nc3
Bd7 34. b3 Qa3 35. Bd5 1-0

[Event "NVM U16 2015"]
[Site "Kiel"]
[Date "2015.09.13"]
[Round "7.4"]
[White "Kittelberger, Mattis"]
[Black "Nelk, Gabor"]
[Result "1-0"]
[WhiteElo "1615"]
[BlackElo "1517"]
[PlyCount "59"]
[EventDate "2015.??.??"]
[WhiteTeam "SC Aurich"]
[BlackTeam "SV Empor Berlin e.V."]

1. e4 c5 2. Nf3 d6 3. d4 cxd4 4. Nxd4 Nf6 5. Nc3 a6 6. Bc4 g6 7. f3 Bg7 8. Be3
b5 9. Bb3 Bb7 10. Qd2 Nbd7 11. O-O-O Rc8 12. Kb1 Nc5 13. Bh6 Nxb3 14. Nxb3 O-O
15. Bxg7 Kxg7 16. h4 Qb6 17. h5 b4 18. Ne2 Qf2 19. hxg6 fxg6 20. Nbd4 Kf7 21.
Rdf1 Qxg2 22. Qe3 e5 23. Rfg1 Qxg1+ 24. Rxg1 exd4 25. Qb3+ Kg7 26. Nxd4 Rfe8
27. Nf5+ Kf8 28. Nxd6 Re7 29. Nxc8 Bxc8 30. Qxb4 1-0

[Event "NVM U16 2015"]
[Site "Kiel"]
[Date "2015.09.13"]
[Round "7.1"]
[White "Speck, Jakob"]
[Black "Böhning, Kilian"]
[Result "0-1"]
[WhiteElo "1701"]
[BlackElo "2016"]
[PlyCount "72"]
[EventDate "2015.??.??"]
[WhiteTeam "SK Weisse Dame Hamburg"]
[BlackTeam "Hagener SV"]

1. e4 d6 2. d4 g6 3. Nc3 Bg7 4. Be3 c6 5. Qd2 b5 6. f3 b4 7. Nce2 a5 8. g4 Nd7
9. h4 Ba6 10. Ng3 Bxf1 11. Nxf1 Nb6 12. Qd3 Nf6 13. Ng3 h5 14. gxh5 Nxh5 15.
Nxh5 Rxh5 16. Ne2 e6 17. O-O-O a4 18. Bg5 Bf6 19. f4 Kd7 20. Ng3 Rh8 21. e5
Bxg5 22. fxg5 Rxh4 23. Rxh4 Qxg5+ 24. Qd2 Qxh4 25. Qxb4 Kc7 26. Qxd6+ Kb7 27.
Ne2 Rd8 28. Qb4 Rd5 29. Nc3 c5 30. Qb5 Rxd4 31. Rxd4 Qxd4 32. Qf1 Nc4 33. Qxf7+
Ka6 34. Qf1 a3 35. Qf3 axb2+ 36. Kb1 Nd2+ 0-1

[Event "NVM U16 2015"]
[Site "Kiel"]
[Date "2015.09.13"]
[Round "7.2"]
[White "Balazs, Balint"]
[Black "Lam, Daniel"]
[Result "1-0"]
[WhiteElo "1894"]
[BlackElo "1562"]
[PlyCount "69"]
[EventDate "2015.??.??"]
[WhiteTeam "Hagener SV"]
[BlackTeam "SK Weisse Dame Hamburg"]

1. d4 d5 2. e3 Nf6 3. Bd3 e6 4. c3 c5 5. f4 Be7 6. Nd2 Qc7 7. Ngf3 b6 8. O-O
Bb7 9. Ne5 Nbd7 10. Qf3 Rf8 11. g4 g6 12. g5 Nh5 13. e4 Nxe5 14. dxe5 c4 15.
Bc2 Bc5+ 16. Kh1 O-O-O 17. b4 Be7 18. a4 Rh8 19. a5 b5 20. a6 Bc6 21. Qh3 h6
22. gxh6 Rxh6 23. exd5 Bxd5+ 24. Be4 Bxe4+ 25. Nxe4 Rd3 26. Qg2 Kd7 27. Bb2 Qc6
28. Kg1 Qb6+ 29. Nf2 Nxf4 30. Qb7+ Qxb7 31. axb7 Kc7 32. Nxd3 Nxd3 33. Rxf7
Nxb2 34. Rxe7+ Kb8 35. Ra5 1-0

[Event "NVM U16 2015"]
[Site "Kiel"]
[Date "2015.09.13"]
[Round "7.3"]
[White "Popist, Florian"]
[Black "Laubrock, Paul"]
[Result "0-1"]
[WhiteElo "1601"]
[BlackElo "1866"]
[PlyCount "54"]
[EventDate "2015.??.??"]
[WhiteTeam "SK Weisse Dame Hamburg"]
[BlackTeam "Hagener SV"]

1. e4 e6 2. d4 d5 3. Nd2 Nf6 4. e5 Nfd7 5. Bd3 c5 6. c3 Nc6 7. Ne2 Qb6 8. Nf3
cxd4 9. cxd4 Be7 10. O-O f6 11. exf6 Nxf6 12. a3 Bd7 13. Re1 O-O 14. Nf4 Nd8
15. Nxd5 Nxd5 16. Ng5 Bxg5 17. Bxg5 Nf7 18. Qh5 Nxg5 19. Bc4 Rf5 20. Bxd5 Qxd4
21. Bxe6+ Bxe6 22. Qe2 Raf8 23. Rad1 Qh4 24. g3 Nh3+ 25. Kh1 Qh6 26. Qxe6+ Qxe6
27. Rxe6 Nxf2+ 0-1

[Event "NVM U16 2015"]
[Site "Kiel"]
[Date "2015.09.13"]
[Round "7.4"]
[White "Hoppe, Andreas"]
[Black "Lam, Marvin"]
[Result "1-0"]
[WhiteElo "1847"]
[BlackElo "1331"]
[PlyCount "43"]
[EventDate "2015.??.??"]
[WhiteTeam "Hagener SV"]
[BlackTeam "SK Weisse Dame Hamburg"]

1. d4 d5 2. Nc3 Nf6 3. Bf4 e6 4. f3 a6 5. Qd2 c5 6. e3 b5 7. Nh3 Nbd7 8. Be2
Be7 9. Nf2 Nh5 10. Bg3 Nxg3 11. hxg3 Nf6 12. Nd3 c4 13. Nf4 Bd7 14. a3 Qc7 15.
Kf2 Bd6 16. e4 dxe4 17. Nxe4 Nxe4+ 18. fxe4 e5 19. Nd5 Qa7 20. c3 O-O 21. Rxh7
Kxh7 22. Rh1+ 1-0

[Event "NVM U16 2015"]
[Site "Kiel"]
[Date "2015.09.13"]
[Round "7.1"]
[White "Uksini, Bardhyl"]
[Black "Greßmann, Moritz"]
[Result "1-0"]
[WhiteElo "2218"]
[BlackElo "2085"]
[PlyCount "57"]
[EventDate "2015.??.??"]
[WhiteTeam "Hamburger SK von 1830 eV"]
[BlackTeam "BSV 63 Chemie Weißensee"]

1. Nf3 d5 2. g3 Bg4 3. Bg2 Nd7 4. d4 e6 5. O-O Ngf6 6. Nbd2 Bd6 7. Re1 O-O 8.
e4 dxe4 9. Nxe4 Nxe4 10. Rxe4 Nf6 11. Bg5 Bf5 12. Re1 h6 13. Be3 Nd5 14. c4 Nb4
15. Nh4 Bh7 16. Qg4 f5 17. Qe2 f4 18. Bd2 Rf6 19. Be4 Bxe4 20. Qxe4 Nc6 21. Bc3
fxg3 22. fxg3 Bb4 23. Rf1 Bxc3 24. bxc3 Qe7 25. Rxf6 gxf6 26. Qg4+ Kf7 27. Qg6+
Kf8 28. Rf1 f5 29. Nxf5 1-0

[Event "NVM U16 2015"]
[Site "Kiel"]
[Date "2015.09.13"]
[Round "7.3"]
[White "Wolfram, Tom"]
[Black "Fege, Julian"]
[Result "1-0"]
[WhiteElo "1626"]
[BlackElo "1595"]
[PlyCount "73"]
[EventDate "2015.??.??"]
[WhiteTeam "Hamburger SK von 1830 eV"]
[BlackTeam "BSV 63 Chemie Weißensee"]

1. e4 c5 2. Nf3 Nc6 3. d4 cxd4 4. Nxd4 Nf6 5. Nc3 e5 6. Ndb5 d6 7. Bg5 a6 8.
Na3 b5 9. Nd5 Be7 10. Bxf6 Bxf6 11. c4 b4 12. Nc2 a5 13. Be2 O-O 14. Bg4 Bg5
15. Bxc8 Rxc8 16. O-O Ne7 17. b3 Kh8 18. Nxe7 Qxe7 19. Qg4 Bh6 20. Rad1 Rfd8
21. Rd5 Rc5 22. Rfd1 Qc7 23. Qh5 Rxd5 24. Rxd5 Kg8 25. Qd1 Kf8 26. Rb5 Rb8 27.
Rxa5 Ke7 28. Qd5 Ke8 29. Ra8 Ke7 30. Rxb8 Qxb8 31. Qb5 Qxb5 32. cxb5 Bd2 33.
Kf1 Kd7 34. Ke2 Bc3 35. Kd3 Kc7 36. Kc4 Kb6 37. Nxb4 1-0

[Event "NVM U16 2015"]
[Site "Kiel"]
[Date "2015.09.13"]
[Round "7.4"]
[White "Schmidt, Florian Pascal"]
[Black "Odzini, Kerim"]
[Result "0-1"]
[WhiteElo "1261"]
[BlackElo "1440"]
[PlyCount "92"]
[EventDate "2015.??.??"]
[WhiteTeam "BSV 63 Chemie Weißensee"]
[BlackTeam "Hamburger SK von 1830 eV"]

1. e4 e5 2. Nf3 Nc6 3. d4 exd4 4. Nxd4 Bc5 5. Be3 Bb6 6. c3 d6 7. Be2 Nf6 8.
Nd2 O-O 9. O-O Re8 10. Nxc6 bxc6 11. Bg5 h6 12. Bh4 g5 13. Bg3 Nxe4 14. Nxe4
Rxe4 15. Bf3 Re7 16. Bxc6 Rb8 17. h4 Ba6 18. hxg5 hxg5 19. Re1 Rxe1+ 20. Qxe1
Qf6 21. Qd2 Kg7 22. Re1 Rh8 23. c4 Bxc4 24. a3 Ba6 25. Re4 Bc8 26. Re8 Rxe8 27.
Bxe8 Qf5 28. Bc6 f6 29. Qe1 Be6 30. Be4 Qg4 31. Bf3 Qxg3 32. Qxe6 Qxf2+ 33. Kh2
Qh4+ 34. Qh3 Qxh3+ 35. Kxh3 Kg6 36. g4 f5 37. gxf5+ Kxf5 38. Kg3 Be3 39. b3 Ke5
40. Kg4 Bf4 41. a4 a5 42. Bc6 Kd4 43. Kf5 Kc5 44. Bf3 d5 45. Be2 Kb4 46. Bd1
Kc3 0-1

[Event "NVM U16 2015"]
[Site "Kiel"]
[Date "2015.09.13"]
[Round "7.1"]
[White "Schmekel, Florian"]
[Black "Kiesel, Lucas"]
[Result "1-0"]
[WhiteElo "1891"]
[BlackElo "1735"]
[PlyCount "57"]
[EventDate "2015.??.??"]
[WhiteTeam "SAV Torgelow-Drögeheide 90"]
[BlackTeam "SV Laatzen"]

1. d4 g6 2. c4 Bg7 3. g3 Nf6 4. Bg2 O-O 5. Nf3 d5 6. cxd5 Nxd5 7. O-O Nc6 8. e4
Nb6 9. d5 Ne5 10. Nxe5 Bxe5 11. Nc3 e6 12. Bh6 Bg7 13. Bxg7 Kxg7 14. Qd4+ Kg8
15. Rfd1 exd5 16. exd5 Bf5 17. Rac1 Qd7 18. b3 Rad8 19. h3 f6 20. g4 Be6 21.
Qf4 Bf7 22. Ne4 Nxd5 23. Nxf6+ Kg7 24. Bxd5 Bxd5 25. Rxc7 Rxf6 26. Rxd7+ Rxd7
27. Qe5 Be6 28. Rxd7+ Bxd7 29. g5 1-0

[Event "NVM U16 2015"]
[Site "Kiel"]
[Date "2015.09.13"]
[Round "7.2"]
[White "Korb, Ruben"]
[Black "Kasel, Alexander"]
[Result "0-1"]
[WhiteElo "1656"]
[BlackElo "1689"]
[PlyCount "96"]
[EventDate "2015.??.??"]
[WhiteTeam "SV Laatzen"]
[BlackTeam "SAV Torgelow-Drögeheide 90"]

1. e4 c5 2. Nc3 e6 3. f4 Ne7 4. d3 d5 5. e5 Nf5 6. Nf3 Nc6 7. g3 b6 8. Bg2 Bb7
9. Qe2 h5 10. Qf2 h4 11. g4 Nfd4 12. h3 Nb4 13. Nxd4 cxd4 14. Nb5 Rc8 15. Nxd4
Bc5 16. Kd1 a5 17. a3 Bxd4 18. Qxd4 Nxc2 19. Qa4+ b5 20. Qxc2 Rxc2 21. Kxc2
Qc7+ 22. Kd1 d4 23. Rh2 Bxg2 24. Rxg2 Qb7 25. Rh2 Qf3+ 26. Kc2 Qg3 27. Rh1 Kd7
28. Kb3 Qxd3+ 29. Ka2 Rc8 30. b3 Rc2+ 31. Bb2 Qd2 32. Rab1 Qxf4 33. Rhf1 Rf2
34. Rxf2 Qxf2 35. Rd1 Kc6 36. Rxd4 Qg3 37. Rd6+ Kc7 38. Ra6 a4 39. bxa4 bxa4
40. Rxa4 Qxh3 41. g5 Qg3 42. g6 fxg6 43. Ra7+ Kb8 44. Rxg7 h3 45. Rg8+ Kc7 46.
Rg7+ Kd8 47. Bd4 h2 48. Rg8+ Kc7 0-1

[Event "NVM U16 2015"]
[Site "Kiel"]
[Date "2015.09.13"]
[Round "7.3"]
[White "Trömer, Felix"]
[Black "Wehrhahn, Duncan"]
[Result "0-1"]
[WhiteElo "1481"]
[BlackElo "1269"]
[PlyCount "138"]
[EventDate "2015.??.??"]
[WhiteTeam "SAV Torgelow-Drögeheide 90"]
[BlackTeam "SV Laatzen"]

1. e4 e5 2. Nf3 Nc6 3. Nc3 Nf6 4. Bb5 Bc5 5. O-O O-O 6. Nxe5 Nxe5 7. d4 Bxd4 8.
Qxd4 Nc6 9. Qd2 d6 10. a3 Bd7 11. f3 Ne5 12. Be2 a6 13. Qe1 h6 14. Qg3 Nh5 15.
Qf2 Nf6 16. h3 Qe7 17. Be3 Rfe8 18. Rae1 Rad8 19. Na2 Be6 20. Nc1 Bd7 21. Nd3
Nc4 22. Bc1 d5 23. exd5 Nxd5 24. Nf4 Nxf4 25. Bxc4 Qf6 26. Bd2 Bxh3 27. Bxf4
Qxf4 28. Bxf7+ Qxf7 29. gxh3 Rxe1 30. Rxe1 Qf4 31. c3 Rd2 32. Re2 Rd1+ 33. Re1
Rxe1+ 34. Qxe1 Qxf3 35. Qe8+ Kh7 36. Qd7 Qe3+ 37. Kf1 Qc1+ 38. Kg2 Qxb2+ 39.
Kh1 Qxc3 40. Qf5+ g6 41. Qc8 Qf3+ 42. Kh2 Qf4+ 43. Kh1 Qe4+ 44. Kg1 Qc6 45. Qd8
Qb6+ 46. Kf1 Qb5+ 47. Ke1 Qe5+ 48. Kf1 Qf4+ 49. Ke1 Qg3+ 50. Ke2 Qg2+ 51. Ke1
Qg3+ 52. Ke2 Qe5+ 53. Kf1 h5 54. h4 Kg7 55. Qd7+ Kf6 56. Qd8+ Kf5 57. Qg5+ Ke4
58. Qg2+ Kd4 59. Qd2+ Kc4 60. Qa2+ Kd3 61. Qb3+ Kd4 62. Qb4+ Ke3 63. Qe1+ Kf4
64. Qd2+ Kg4 65. Kg2 Qe4+ 66. Kg1 Qf3 67. Qd4+ Kh3 68. Qd2 Kxh4 69. Qd4+ Qg4+
0-1

[Event "NVM U16 2015"]
[Site "Kiel"]
[Date "2015.09.13"]
[Round "7.4"]
[White "Scholz, Tom"]
[Black "Bollnow, Alex"]
[Result "1-0"]
[WhiteElo "1150"]
[BlackElo "1353"]
[PlyCount "61"]
[EventDate "2015.??.??"]
[WhiteTeam "SV Laatzen"]
[BlackTeam "SAV Torgelow-Drögeheide 90"]

1. e4 c5 2. Nf3 Nc6 3. Nc3 g6 4. g3 Bg7 5. Bg2 Nf6 6. d3 O-O 7. O-O d6 8. h3
Be6 9. Be3 b5 10. d4 b4 11. Ne2 cxd4 12. Nfxd4 Ne5 13. Nf4 Bc4 14. Re1 Nfd7 15.
b3 Ba6 16. Nd5 Nc5 17. Nxb4 Bb7 18. f4 Ned7 19. Bf2 Qc7 20. Rc1 a5 21. Nd5 Qd8
22. c4 e6 23. Nc3 Nf6 24. Ndb5 Bc6 25. Nxd6 Nfd7 26. e5 Bxg2 27. Kxg2 Qb6 28.
Nce4 Qc6 29. Bxc5 Nxc5 30. Qf3 Rfd8 31. Nf6+ 1-0

[Event "NVM U16 2015"]
[Site "Kiel"]
[Date "2015.09.13"]
[Round "7.1"]
[White "Andresen, Marc"]
[Black "Tiedemann, Fin Niklas"]
[Result "0-1"]
[WhiteElo "1417"]
[BlackElo "1798"]
[PlyCount "110"]
[EventDate "2015.??.??"]
[WhiteTeam "SC Caissa Falkensee e.V."]
[BlackTeam "Lübecker SV von 1873"]

1. e4 e5 2. Nf3 Nc6 3. Bc4 Bc5 4. Nc3 Nf6 5. d3 d6 6. h3 Na5 7. Bb3 Nxb3 8.
axb3 c6 9. Bg5 h6 10. Bh4 g5 11. Nxg5 hxg5 12. Bxg5 Rg8 13. h4 Rg6 14. Ne2 Qb6
15. f3 Bf2+ 16. Kf1 Be3 17. Bxe3 Qxe3 18. Qe1 Ke7 19. Nc3 Qxe1+ 20. Rxe1 Nh5
21. Ne2 Ng3+ 22. Nxg3 Rxg3 23. Kf2 Rg7 24. Rd1 Be6 25. d4 Rag8 26. Rh2 Rg3 27.
c4 f5 28. d5 cxd5 29. cxd5 Bd7 30. Re1 f4 31. Rc1 Kd8 32. Ra1 a6 33. Rc1 Rh8
34. Rc2 Rhg8 35. Rc1 R3g7 36. Rc2 Be8 37. Rc1 Bh5 38. Rc2 Rc7 39. Rc3 Rxc3 40.
bxc3 Kc7 41. Rh1 Kb6 42. Ra1 Rc8 43. c4 Kc5 44. Ra4 Be8 45. Ra1 Kb4 46. Ke2 Rc7
47. Rb1 Kc3 48. Kd1 Rg7 49. Rc1+ Kxb3 50. Rb1+ Kc3 51. Rc1+ Kd3 52. Ke1 Rxg2
53. Rd1+ Ke3 54. Kf1 Rf2+ 55. Kg1 Rxf3 0-1

[Event "NVM U16 2015"]
[Site "Kiel"]
[Date "2015.09.13"]
[Round "7.2"]
[White "Dörp, Max Marian"]
[Black "Böttcher, Tim"]
[Result "1-0"]
[WhiteElo "1620"]
[BlackElo "1010"]
[PlyCount "53"]
[EventDate "2015.??.??"]
[WhiteTeam "Lübecker SV von 1873"]
[BlackTeam "SC Caissa Falkensee e.V."]

1. c4 e5 2. Nc3 Nf6 3. g3 Bc5 4. Bg2 d6 5. d3 Be6 6. Bxb7 Nbd7 7. Bxa8 Qxa8 8.
e4 Ng4 9. Nh3 Bd4 10. Nb5 Qb7 11. Nxd4 exd4 12. Ng5 Nc5 13. Nxe6 Qb4+ 14. Kf1
fxe6 15. Qxg4 Rf8 16. Qd1 c6 17. a3 Qb7 18. b4 Nd7 19. Qh5+ Kd8 20. Bg5+ Kc8
21. Qxh7 Ne5 22. Ke2 d5 23. cxd5 cxd5 24. Rhc1+ Kb8 25. Bf4 dxe4 26. Bxe5+ Ka8
27. Qxe4 1-0

[Event "NVM U16 2015"]
[Site "Kiel"]
[Date "2015.09.13"]
[Round "7.3"]
[White "Seitz, Manuel"]
[Black "Kroschel, Anton"]
[Result "0-1"]
[WhiteElo "1085"]
[BlackElo "1494"]
[PlyCount "52"]
[EventDate "2015.??.??"]
[WhiteTeam "SC Caissa Falkensee e.V."]
[BlackTeam "Lübecker SV von 1873"]

1. b3 d5 2. Bb2 Nf6 3. g3 Bf5 4. Bg2 e6 5. e3 Nc6 6. Ne2 Be7 7. a3 e5 8. c4 e4
9. f3 O-O 10. h3 exf3 11. Bxf3 Be4 12. Bxe4 Nxe4 13. d3 Ng5 14. Nf4 d4 15. e4
Bd6 16. Nd2 Bxf4 17. gxf4 Ne6 18. f5 Qh4+ 19. Kf1 Nf4 20. Qf3 Ne5 21. Qd1 Nfxd3
22. Bxd4 Qf4+ 23. Nf3 Nxf3 24. Kg2 Nh4+ 25. Kg1 Qg3+ 26. Kf1 Qg2# 0-1

[Event "NVM U16 2015"]
[Site "Kiel"]
[Date "2015.09.13"]
[Round "7.4"]
[White "Nagy, Lukas"]
[Black "Jungandreas, Tillmann"]
[Result "1/2-1/2"]
[WhiteElo "1313"]
[BlackElo "1209"]
[PlyCount "51"]
[EventDate "2015.??.??"]
[WhiteTeam "Lübecker SV von 1873"]
[BlackTeam "SC Caissa Falkensee e.V."]

1. d4 Nf6 2. c4 g6 3. Nc3 Bg7 4. e4 d6 5. f4 Nbd7 6. e5 dxe5 7. fxe5 Ng8 8. Nf3
e6 9. Be2 Ne7 10. O-O O-O 11. Bf4 f6 12. exf6 Nxf6 13. Be5 c6 14. Bd3 Nf5 15.
Bxf5 exf5 16. Qb3 Be6 17. Ng5 Bf7 18. Rfd1 Qb6 19. Qxb6 axb6 20. Nxf7 Rxf7 21.
Bxf6 Bxf6 22. d5 Bxc3 23. bxc3 Rd7 24. Rd2 Ra3 25. Rc1 Ra4 26. d6 1/2-1/2